Megjegyzések Toynbee magyar őstörténeti koncepciójához

Dans les thèses de A. Toynbee, l'auteur attache un grand poids á l'interprétation de „szavartü ászfalü" comme deux éthnies. A Toynbee surévalue le rôle des Khazars.et des Russes, contre lesquels les Hongois étaient établis sur la rive d'Ouest du Don par les Khazars. Selon lui les...

Teljes leírás

Elmentve itt :
Bibliográfiai részletek
Szerző: Tóth Sándor
További közreműködők: Toynbee Arnold
Dokumentumtípus: Cikk
Megjelent: University of Szeged, Magyar Medievisztikai Kutatócsoport Szeged 1981
Sorozat:Acta Universitatis Szegediensis : acta historica 71
Kulcsszavak:Őstörténet - magyar
Tárgyszavak:
Online Access:http://acta.bibl.u-szeged.hu/2673
LEADER 01701nab a2200253 i 4500
001 acta2673
005 20260205100717.0
008 161015s1981 hu o 000 hun d
022 |a 0324-6965 
040 |a SZTE Egyetemi Kiadványok Repozitórium  |b hun 
041 |a hun 
041 |a fre 
041 |a rus 
100 1 |a Tóth Sándor 
245 1 0 |a Megjegyzések Toynbee magyar őstörténeti koncepciójához  |h [elektronikus dokumentum] /  |c  Tóth Sándor 
260 |a University of Szeged, Magyar Medievisztikai Kutatócsoport  |b Szeged  |c 1981 
300 |a 13-19 
490 0 |a Acta Universitatis Szegediensis : acta historica  |v 71 
520 3 |a Dans les thèses de A. Toynbee, l'auteur attache un grand poids á l'interprétation de „szavartü ászfalü" comme deux éthnies. A Toynbee surévalue le rôle des Khazars.et des Russes, contre lesquels les Hongois étaient établis sur la rive d'Ouest du Don par les Khazars. Selon lui les Khazars ont autorisé l'expansion hongroise entre le Don et le Danube, dont la région orientale est localisée comme la Levédie, et le territoire d'entre les rives du Dniéper et du Szeret comme „Etelköz". L'auteur interpose la Levédie entre le Dniéper et le Boug, et en même temps suppose que „Etelköz" est une notion générale, dans une telle mesure qu'il n'est pas possible de préciser. Selon A. Toynbee il y avait deux guerres pétchenèques (en 889 et 896), par contre, l'auteur en suppose une (en 895). 
650 4 |a Bölcsészettudományok 
650 4 |a Történettudomány és régészet 
695 |a Őstörténet - magyar 
700 0 1 |a Toynbee Arnold 
856 4 0 |u http://acta.bibl.u-szeged.hu/2673/1/historica_071_013-019.pdf  |z Dokumentum-elérés